Estética de la creación verbal
Saved in:
| Hovedforfatter: | |
|---|---|
| Format: | Bog |
| Sprog: | spansk |
| Udgivet: |
Buenos Aires
Siglo Veintiuno
2002
|
| Udgivelse: | 1a. ed |
| Fag: | |
| Tags: |
Tilføj Tag
Ingen Tags, Vær først til at tagge denne postø!
|
MARC
| LEADER | 00000nam a2200000 a 4500 | ||
|---|---|---|---|
| 001 | UCL7233 | ||
| 003 | CL-VaPUC | ||
| 008 | 040514e20020000AG |||||||||||||||||spa|d | ||
| 020 | |a 9871105207 | ||
| 082 | 0 | 4 | |a 401 |b BAJ |2 21 |
| 100 | 0 | |a Bajtín, Mijaíl Mijáilovich |e author |9 485076 | |
| 245 | 1 | 0 | |a Estética de la creación verbal |
| 250 | |a 1a. ed | ||
| 300 | |a 396 p | ||
| 942 | |c BK | ||
| 945 | |d 20040514 00:00:00 |a cmena | ||
| 260 | |a Buenos Aires |b Siglo Veintiuno |c 2002 | ||
| 650 | 0 | |a Filosofía del lenguaje |9 257082 | |
| 650 | 0 | |a Estética |9 264950 | |
| 650 | 0 | |a Lingüística |9 265068 | |
| 650 | 0 | |a Crítica literaria |9 269189 | |
| 650 | 7 | |a REALISMO EN LA LITERATURA |2 CL-VaPUC |9 316222 | |
| 650 | 0 | |a Teoría literaria |9 342621 | |
| 583 | |a last modification |c 20190725 11:23:05 |k Rodrigo Vera | ||
| 999 | |c 309083 |d 309081 | ||
| 952 | |0 0 |1 0 |4 0 |6 401_000000000000000_BAJ_2002 |7 0 |8 A |9 376283 |a BIBARQ |b BIBARQ |d 2019-11-21 |i 4015762 |o 401 BAJ 2002 |p 4015762 |r 2025-01-20 |w 2019-11-21 |y BK |k ARQ | ||